| 000 | 01031nam0a22002651 4500 | ||
|---|---|---|---|
| 001 | rc\849415 | ||
| 005 | 20041129092604.1 | ||
| 035 | _a(NLR Aleph) 006030135 | ||
| 090 |
_a7519582 _c7519582 |
||
| 100 | _a20041129d1983 u |0rusy50 ca | ||
| 101 | 0 | _arus | |
| 102 | _aRU | ||
| 105 | _ay ||||||||| | ||
| 200 | 1 | _aРазвитие торговли - неотъемлемое условие бесперебойного снабжения населения продуктами | |
| 210 |
_aМ. _cЗнание _d1983 |
||
| 215 |
_a48 с. _d20 |
||
| 225 | 1 | _aБиблиотечка "Продовольственная программа СССР - основа повышения благосостояния народа" | |
| 320 | _aБиблиогр. в конце кн. | ||
| 700 | 1 |
_aОрлов _bЯ. Л. _gЯков Львович |
|
| 701 | 1 |
_aМартынова _bМ. В. _gМаина Владимировна |
|
| 801 | 0 |
_aRU _bNLR _gpsbo |
|
| 801 | 1 |
_aRU _bELAR _2rusmarc |
|
| 852 |
_aNLR _j84-4/8007 |
||
| 942 | _cBOOK | ||
| 980 | _aNB | ||